Guess every RYM subgenre without bolded songs - Statistics

General Stats
  • This quiz has been taken 22 times
  • The average score is 10 of 202
Answer Stats
# Parent genre Answer Highest rated artist(s) in the RYM charts % Correct
4 Hip Hop Jerk ksuuvi, YT, xaviersobased
35%
174 Metal, Punk Goregrind Carcass, Viscera Infest
30%
58 Regional Music (Puerto Rico) Reggaetón Tego Calderón, Plan B, Sinaka
30%
43 Dance, Electronic Brostep Xylent, Vylet Pony
25%
71 Classical Music, Metal Neoclassical Metal Symphony X, Jason Becker
25%
162 Industrial/Noise, Punk Noisecore The Gerogerigegege, Arsedestroyer
25%
40 Industrial/Noise, Metal Black Noise La Torture des Tenebres, Utarm
20%
62 Metal, Punk Deathcore Traumaside, After the Burial, Shadow of Intent
20%
39 Dance, Electronic Lolicore Reizoko Cj, Riajuu
20%
27 Punk New York Hardcore Merauder, Incendiary, Gorilla Biscuits
20%
114 Punk Oi! Cock Sparrer, Peter and the Test Tube Babies
20%
42 Metal, Punk Pornogrind Carnal Diafragma, Gut
20%
157 Ambient, Metal Black Ambient RH-07, Utarm, Gnaw Their Tongues
15%
194 Pop, S&M Cantopop Sandy Lam, Faye Wong
15%
164 Country, Gospel Country Gospel Willie Nelson, Tom Jones, Johnny Cash
15%
190 Electronic, Metal, Punk Cybergrind Divtech, Genghis Tron
15%
124 Industrial/Noise, Metal, Punk Gorenoise Phyllomedusa, Torture, Last Days of Humanity
15%
125 Folk, Regional Music (Greece) Greek Folk Music Thanasis Papakonstantinou, Daemonia Nymphe
15%
173 Classical Music, Experimental Indeterminacy John Cage
15%
187 Industrial/Noise Martial Industrial ROME, Land, Test Dept.
15%
177 Classical Music Opera Richard Wagner, Philip Glass
15%
59 Dance, Electronic Riddim Syzy, Virtual Riot
15%
130 Metal Slam Death Metal Digested Flesh, Devourment
15%
146 Comedy, Spoken Word Stand-Up Comedy Neil Hamburger, Jim Gaffigan
15%
200 Pop Afrobeats Amaarae, Asake, Rema
10%
7 Punk Beatdown Hardcore Cold As Life, No Retreat
10%
138 Jazz Bebop Dizzy Gillespie, Sonny Rollins, Bud Powell
10%
66 Hip Hop Bounce Cartier'GOD, Big Freedia
10%
90 Classical Music, Regional Music (Southern India) Carnatic Classical Music L. Subramaniam
10%
30 Hip Hop Dark Plugg Glokk40Spaz, Squillo
10%
47 Blues Delta Blues Son House, Muddy Waters
10%
85 Electronic, Punk Electronicore DJ Re:code, Strawberry Hospital, abriction
10%
121 Dance, Electronic, Hip Hop, Regional Music (Brazil) Funk Mandelao d.silvestre, DJ K
10%
140 Regional Music (Java, Indonesia) Gamelan Gamelan of Peliatan, Sun City Girls, Haruomi Hosono
10%
198 Dance, Electronic Hands Up Cascada, Basshunter
10%
50 Dance, Electronic Hardstyle Forever United, Scooter
10%
93 Classical Music, Regional Music (North India) Hindustani Classical Music Zakir Hussain, Nusrat Fateh Ali Khan
10%
201 Dance, Electronic Mashcore goreshit, Shoebill
10%
75 Dance, Hip Hop Miami Bass FBC, Tati Quebra Barraco
10%
196 Hip Hop Nerdcore Hip Hop Sammus, Pink Navel, mc chris
10%
179 Regional Music (Norteño) Norteño Junior H, Chalino Sánchez
10%
116 Folk, Regional Music (Poland) Polish Folk Music Kult, Kapela ze Wsi Warszawa
10%
73 Spoken Word Speeches Martin Kränzel, Martin Luther King Jr.
10%
67 Punk Street Punk Charged G.B.H., The Partisans, The Exploited
10%
51 Pop, S&M T-Pop Nadia, China Dolls
10%
65 Folk, Regional Music (Ukraine) Ukrainian Folk Music DakhaBrakha, Maniucha Bikont & Ksawery Wójciński
10%
167 Rock, S&M Visual Kei MALICE MIZER, BUCK-TICK, Dir en Grey
10%
169 Pop, S&M V-Pop Phung Khanh Linh, My Anh
10%
156 R&B, Regional Music (West Africa) Afro-Funk Fela Kuti, Marijata
5%
111 Dance, Electronic Afro House KOKOKO!, Khalab
5%
199 Jazz, Regional Music Afro-Jazz The Pyramids, Sons of Kemet, Batsumi
5%
2 Industrial/Noise, Dance, Electronic Aggrotech Ada Rook, Hocico, :wumpscut:
5%
102 Dance, Electronic, Regional Music (South Africa) Amapiano Asake, DJ BlackLow, Tyla
5%
105 Ambient, Industrial/Noise Ambient Noise Wall The Gerogerigegege, Shum
5%
109 Field Recordings Animal Sounds The Gerogerigegege, Jana Winderen
5%
36 Singer-Songwriter, Regional Music (Russia) Avtorskaya pesnya (Author Song) Yanka, Venya D'rkin
5%
135 Dance, Electronic Balearic Beat Studio, John Talabot
5%
84 Dance, Electronic Bass House leroy, Joyryde
5%
86 Regional Music (Brazil) Brega Odair José, Pabllo Vittar
5%
87 Folk, Regional Music (Brittany) Breton Folk Music Alan Stivell, Kristen Nogués
5%
133 Dance, Electronic, Pop Bubblegum Dance Blümchen, Helen Love, Schnuffel
5%
108 Regional Music (Trinidad and Tobago) Calypso Mighty Sparrow, Harry Belafonte
5%
96 Folk, Regional Music (Canada) Canadian Folk Music Stan Rogers, Barde, Brèche
5%
13 Singer-Songwriter, Regional Music (Italy) Canzone D'autore Fabrizio de André, Claudio Lolli
5%
79 Dance, Electronic Chillstep Balam Acab, Phalaeh
5%
128 Folk, Regional Music (China) Chinese Folk Music Labor Exchange Band, Min Xiao-Fen
5%
142 Dance, Electronic Complextro Savant, Camellia
5%
144 Dance, Electronic, Pop, Regional Music (Poland) Disco Polo Bracia Figo Fagot, Jauntix
5%
168 Rock, S&M Dunedin Sound The Bats, David Kilgour, The Chills
5%
151 Electronic, Experimental EAI Keith Rowe
5%
14 Punk Egg Punk R.M.F.C, Uranium Club, Snooper
5%
170 Dance, Electronic, Jazz Electro Swing Parov Stelar, Waldeck, Caravan Palace
5%
183 Regional Music (Japan) Enka Meiko Kaji, Kan Mikami
5%
61 Folk, Regional Music (Portugal) Fado Amalia Rodrigues, Deolinda
5%
57 Regional Music (India) Filmi The Bombay Royale, Kalyanji-Anandji
5%
104 Regional Music (Spain) Flamenco Paco de Lucía
5%
145 Electronic FM Synthesis Yuzo Koshiro, death's dynamic shroud
5%
120 Dance, Electronic Hardbass Hard Bass School, Little Big
5%
115 Country Honky Tonk Gary Stewart, Merle Haggard
5%
88 Folk, Regional Music (Japan) Japanese Folk Music Hizuru, Geinoh Yamashirogumi
5%
82 S&M Japanese Idol Perfume, Chiyono Ide, 3776
5%
122 Jazz Jazz Manouche David Grisman, Django Reinhardt
5%
32 Electronic, S&M J-Core Camellia, Kobaryo
5%
37 Dance, Electronic Jersey Club Rap Creepy Nuts, NLE Choppa, Chow Lee
5%
97 Hip Hop Lowend Polo Perks, Certified Trapper
5%
83 Experimental Lowercase Jana Winderen, Steve Roden
5%
155 Regional Music (Dominican Republic) Merengue Juan Luis Guerra, Elvis Crespo
5%
15 Electronic MIDI Music Tek lintowe, ex. happyender girl
5%
182 Electronic Nightcore Ruben Slikk, Nightcore, Caramell
5%
129 Folk, Regional Music (Norway) Norwegian Folk Music Folque, Nils Økland
5%
176 Folk, Regional Music (Occitania) Occitan Folk Music La Tene, Emmanuelle Parrenin, Malicorne
5%
18 Dance, Electronic Psytrance Psykovsky, Hallucinogen
5%
159 Electronic, Hip Hop, Ska/Reggae Ragga Buju Banton, Sizzla
5%
141 Regional Music (Algeria) Rai Rachid Taha
5%
132 Dance, Electronic Rawstyle Massive New Krew, Phuture Noize
5%
101 Dance, Electronic, Pop Romanian Popcorn INNA, Alexandre Stan
5%
99 Folk, Regional Music (Russia) Russian Folk Music Igor Stravinsky, Andrey Kotov
5%
74 Pop, Regional Music (Northern/Central Europe) Schlager Topi Sorsakoski, Lill Lindfors
5%
68 Folk, Regional Music (Scotland) Scottish Folk Music Dick Gaughan, Harry Gorski-Brown
5%
77 Folk, Regional Music (USA) Sea Shanty The Longest Johns, June Tabor
5%
192 Regional Music (Brazil) Sertanejo Almir Sater, Helena Meirelles
5%
76 Pop, Regional Music (Brazil) Sertanejo Universitario Marília Mendonça & Maiara & Maraisa, Gabeu
5%
171 Dance, Electronic Slap House Tiësto, Reve, INNA
5%
44 Experimental Sound Art Ryoji Ikeda, David Tudor, Jerobeam Fenderson
5%
175 Pop Soviet Estrada Alla Pugacheva, Yuri Antonov
5%
180 Dance, Electronic Speedcore Diabarha, Nasenbluten
5%
64 Folk, Regional Music (Sweden) Swedish Folk Music Maria W Horn & Sara Parkman, Garmarna
5%
153 Dance, Electronic Techstep Bad Company UK, Boymerang
5%
181 Folk, Regional Music (Turkey) Turkish Folk Music Selda Bagcan, Cüneyt Sepetçi
5%
195 Metal War Metal Tyrants Blood, Massive Retaliation, Teitanblood
5%
136 Pop Yé-Yé Jacqueline Taïeb, France Gall, Françoise Hardy
5%
6 Regional Music (Brazil) Axé Caetano Veloso, Daniela Mercury
0%
33 Classical Music Baroque Suite J.S. Bach
0%
103 Dance, Electronic Bassline DJ Q, Flava D, Bad Boy Chiller Crew
0%
10 Electronic, Dance Big Room House Capsule, Hardwell, Steve Aoki
0%
202 Dance, Electronic Big Room Trance Neurowulf, Allure, Andrew Bayer
0%
52 Pop, Regional Music (Hispanic America) Bolero-Beat Los Ángeles Negros, Adrián Quesada, Sandro
0%
89 Regional Music (Vietnam) Bolero Viet Nam My Huyen, Tuyet Nhung
0%
26 Blues Boogie Woogie Dr. John, Crowbar, Memphis Slim
0%
158 Dance, Electronic Briddim MUST DIE!, BEJALVIN
0%
137 Classical Music Cantata J.S. Bach, Carl Orff
0%
46 Folk, Regional Music (Italy) Canzone napoletana Pino Daniele, Compania il Cherchio
0%
34 Folk, Metal Celtic Metal Elvenking, Eleuveitie, Heol Telwen
0%
24 Regional Music (Cuba) Chachachá Chakachas, Nat King Cole
0%
165 Pop, Regional Music (Bulgaria) Chalga Duo Vega, Azis, Andrea
0%
16 Electronic Chiptune Sadao Watanabe, Jacob Kaufman
0%
70 Classical Music Classical period Wolfgang Amadeus Mozart, Ludwig Van Beethoven
0%
12 Country, Folk Close Harmony The Kossoy Sisters, Everly Brothers
0%
185 Classical Music Concerto Rachmaninoff, Prokofiev
0%
11 Folk, Regional Music (Spain) Copla Maria Rodés, Paco de Lucía
0%
150 Pop, Regional Music (Nordic Europe) Dansbandsmusik Sven-Ingvars, Doodle Bugs
0%
17 Dance, Electronic Deathstep Influx, Chaos Royale, Qoiet
0%
127 Pop Denpa Camellia, Pinky Pop Hepburn
0%
106 Hip Hop Detroit Trap Marjorie -W.C. Sinclair
0%
172 Punk Deutschpunk Extrabreit, Hans-A-Plast
0%
81 Electronic, Ska/Reggae Digital Dancehall Prince Jammy, Wayne Smith
0%
154 Electronic Drift Phonk B-Free, Kordhell & Scarlxrd
0%
60 Dance, Electronic Drumstep Camellia, Feryquitous
0%
197 Comedy, Musical Theatre, Regional Music (Netherlands) Dutch cabaret Urbanus, Wim Sonneveld
0%
126 Dance, Electronic Eurobeat Magic Hammer, MAX, Baby Bazooka
0%
92 Dance, Electronic Fidget House Mr. Oizo, Buraka Som Sistema
0%
134 Folk, Regional Music (Finland) Finnish Folk Music Värttina, Gjallarhorn
0%
8 Regional Music (Brazil) Forró Dominguinhos, Luis Gonzaga
0%
113 Electronic, Regional Music (Brazil) Forró Eletrónico Joao Gomes, Pablo Vittar
0%
25 Dance, Electronic Freeform Hardcore Rotteen, c678924, purity://filter
0%
117 Dance, Electronic Freetekno Untrance, Babylon Joke, FKY
0%
160 Hip Hop, S&M French Hip Hop Lunatic, IAM, MC Solaar
0%
110 Dance, Electronic Future Rave Kx5, Hardwell, Armin van Buuren
0%
100 Rock, S&M Group Sounds The Bunnys, The Golden Cups
0%
186 Electronic Horror Synth Perturbator, John Carpenter, Corviria
0%
80 Dance, Electronic, Industrial/Noise Industrial Hardcore Nasenbluten, DJ Speedstick, Ophidian
0%
191 Dance, Electronic Italo-Disco Sally Shapiro, Savage, Fun Fun
0%
149 Pop Italo Pop Matia Bazar, Mina, Mike Patton
0%
139 Regional Music (Java, Indonesia) Jaipongan Itoh Masyitoh & Rineka Swara
0%
95 Blues Jump Blues Louis Jordan, Joe Turner
0%
119 Dance, Electronic Jump-Up Gladde Pailing, E-Z Rolling
0%
63 Pop Korean Ballad Yoo Hae-Ja, Lee So-Ra
0%
38 Singer-Songwriter, Regional Music (Germany) Liedermacher Element of Crime, W. Ambros
0%
107 Easy Listening, Classical Music Light Music Laurindo Almeida, Nelson Riddle
0%
55 Electronic, Rock Livetronica Ozric Tentacle, Sam Wilkes, Sungazer
0%
3 Regional Music (Thailand) Luk Thung Angkhanang Khunchai
0%
48 Dance, Electronic Makina Alice Gas, M-Project, DJ Technetium, Ramirez
0%
41 Regional Music (Cuba) Mambo Celia Cruz, Ry Cooder & Manuel Galbán
0%
28 Uncategorized major genre March Stoned Soul Picnic, Susumu Hirasawa
0%
123 Dance, Electronic Melodic Dubstep Illenium, Nero, Au5
0%
20 Dance, Electronic Minimal Drum and Bass Current Value, Overlook
0%
163 S&M, Rock Movida Madrileña Radio Futura, Alaska y Dinarama
0%
69 Folk, Regional Music (France) Musette Yann Tiersen
0%
152 Regional Music (Chile) Música Cebolla Macha y el Bloque Depresivo, Los Ángeles Negros
0%
19 Regional Music Nasheed Ahmed Bukhatir, Groupe El Badil
0%
29 Pop Nederpop Joost
0%
22 Country, Folk Neo-Traditionalist Country Dwight Yoakam, Jamey Johnson
0%
148 Hip Hop Nervous Music Friendly Thug 52 Ngg, Drakeo The Ruler
0%
131 Dance, Electronic Neurofunk Current Value, Bad Company UK
0%
184 R&B, S&M Northern Soul The Flirtations, Jackie Wilson
0%
5 Folk, Regional Music (USA) Old-Time Dock Boggs, The Devil Makes Three
0%
49 Classical Music Overture Richard Wagner, Felix Mendelssohn
0%
189 Regional Music (Brazil) Pagode Arlindo Cruz
0%
53 Classical Music, Regional Music (Iran) Persian Classical Music Ghazal, Ali Bahrami
0%
56 S&M Praise & Worship Kings Kaleidoscope, David Crowder*Band
0%
147 Classical Music Prelude J.S. Bach, Frederic Chopin
0%
45 Pop, Regional Music (Indonesia) Qasidah Modern AKA, Wafiq Azizah
0%
1 Spoken Word Radio Drama Chris Morris, Nicolás Jaar
0%
54 Regional Music (Mexico) Ranchera Natalia Lafourcade, Guadalupe Trigo, Chavela Vargas
0%
23 Experimental Reductionism Keith Rowe, Sam Sfirri, Michael Pisaro-Liu
0%
9 Classical Music Requiem Wolfgang Amadeus Mozart, Gyorgi Ligeti
0%
98 Rock, S&M Rock Urbano Extremoduro, Leño
0%
91 Folk, Regional Music Romani Folk Music Cüneyt Sepetçi, Fishtank Ensemble
0%
143 Regional Music (Spain) Rumba Flamenca Kiko Veneno, Gypsy Kings
0%
78 Classical Music Serialism Arnold Schoenberg, Alfred Schnittke
0%
193 Hip Hop Sigilkore Sellasouls, Rodeoglo
0%
166 Classical Music Sonata Ludwig van Beethoven, J.S. Bach
0%
72 S&M SoundClown Chuckie Nugget, Piss Spears, Neutral Bling Hotel
0%
188 Experimental Sound Poetry Alessandro Bosetti, Henri Chopin
0%
178 Dance, Electronic Spacesynth Dubmood, Laser Dance
0%
21 Electronic, S&M Touhou Music last little while, demetori
0%
118 Gospel Traditional Black Gospel Sister Rosetta Tharpe, Blind Gary Davis
0%
112 Pop, Regional Music (Turkey) Turkish Pop Nur Yoldas, Sezen Aksu, Tarkan
0%
94 Dance, Electronic UK Hard House leroy, Brutalismus 3000
0%
161 Dance, Electronic Uptempo Hardcore Lil Texas, DJ Myosuke
0%
31 Blues, Musical Theatre Vaudeville Blues Alberta Hunter, Odetta, Ida Cox
0%
35 Pop, S&M Yakousei Tsumiki, Zutto Mayonaka
0%
No matching quizzes found
Score Distribution
Percent of People with Each Score
Percentile by Number Answered
Your Score History
You have not taken this quiz